000 00875 a2200241 4500
003 Nust
005 20170207154047.0
010 _a 2007042812
020 _a9780470197677 (cloth)
040 _cNust
082 0 0 _a658.26
100 1 _aJackson, Jerry,
245 1 0 _aEnergy Budgets At Risk (EBAR) -(E-BOOK)
_cJerry Jackson.
260 _aHoboken, N.J. :
_bJohn Wiley & Sons,
_cc2008.
300 _ap. cm.
490 0 _aWiley finance series
650 0 _aEnergy consumption
_xCosts.
650 0 _aPower resources
_xCosts
_xManagement.
651 _aE-BOOK
856 4 2 _3Contributor biographical information
_uhttp://www.loc.gov/catdir/enhancements/fy0810/2007042812-b.html
856 4 2 _3Publisher description
_uhttp://www.loc.gov/catdir/enhancements/fy0801/2007042812-d.html
856 4 2 _3Table of contents only
_uhttp://www.loc.gov/catdir/enhancements/fy0805/2007042812-t.html
942 _2ddc
_cBK
999 _c192941
_d192941